| 000 | 00801cam a22002771 4500 | ||
|---|---|---|---|
| 999 |
_c529706 _d529706 |
||
| 001 | 10280700 | ||
| 003 | NUST | ||
| 005 | 20191002094556.0 | ||
| 008 | 750908s1957 xx 000 0 eng | ||
| 010 | _a 57027102 | ||
| 015 | _aGB57-3251 | ||
| 035 | _a(OCoLC)1610594 | ||
| 038 | _aMuhammad Ibrahim | ||
| 040 |
_aDLC _cFM _dUk _dDLC |
||
| 042 | _apremarc | ||
| 050 | 0 | 0 |
_aDS107.4 _b.R5 1957 |
| 082 | _a915.694* | ||
| 100 | 1 |
_aRivers, Elizabeth. _922269 |
|
| 245 | 1 | 0 |
_aOut of bondage, Israel. _cElizabeth Rivers |
| 260 |
_aLondon, _bPeter Owen _c[1957] |
||
| 300 |
_a159 p. _billus. _c22 cm. |
||
| 500 | _aAn account of the author's journey to Israel in 1951. | ||
| 651 | 0 |
_aIsrael _xDescription and travel. _922270 |
|
| 906 |
_a7 _bcbc _coclcrpl _du _encip _f19 _gy-gencatlg |
||
| 942 |
_2ddc _cBK |
||